000
00272nam a2200121Ia 4500
008
231129s2002||||xx |||||||||||||| ||spa||
040
_b
spa
082
_a
R 036.02 G964 2002
245
0
_a
Guinnes World Records
260
_c
2002
264
_a
Planeta.
942
_2
ddc
_c
BKS
999
_c
14825
_d
14825